Wiliam Rowland - priekopník pokroku lesníctva a ochrany prírody

Bibliographic Details
Main Author: Stockmann, Viliam, 1942- (Author)
Format: Article
Language:Slovak
PhysicalDescription:Fotogr.
ISSN:1335-7921
Subjects:

MARC

LEADER 00000nab a2200000 a 4500
001 vtls000775977
003 SK-MaSNL
005 20260303215236.0
008 140716c2001 xo 0 slo
015 |a SNBRB2001/11-34275 
035 |a CLN000127764 
040 |a SNKBUCL  |b slo  |c SNKBUCL  |e AACR2 
041 0 |a slo 
044 |a xo  |c SK 
080 |a 630-051  |2 1997 
080 |a 929 Rowland, Viliam  |2 1997 
080 |a 502.3-051  |2 1997 
100 1 |a Stockmann, Viliam,  |d 1942-  |4 aut  |9 242316 
245 1 0 |a Wiliam Rowland - priekopník pokroku lesníctva a ochrany prírody  |c Viliam Stockmann 
300 |b Fotogr. 
600 1 7 |a Rowland, Villiam,  |d 1814-1888  |2 snkbucl  |9 133927 
655 7 |a články z novín a časopisov  |2 snkbucl  |9 267496 
773 0 |t Ochrana prírody Slovenska  |g Č. 3 (2001), s. 2-3  |x 1335-7921 
850 |a Slovenská národná knižnica v Martine 
852 |a SNK  |b KIS3GCP 
958 |a SK 
958 |a BX 
992 |a RBX 
999 |c 2220639  |d 2222569